IRERS 2006 : Dinner :
| Corporate Author: | |
|---|---|
| Format: | Book |
| Published: |
Kuala Lumpur :
Pusat Dagangan Dunia Putra (PWTC) ,
2006
|
MARC
| LEADER | 00000cam a2200000 7i4500 | ||
|---|---|---|---|
| 001 | 0000021827 | ||
| 005 | 20080627.0 | ||
| 040 | |a INS | ||
| 090 | 0 | 0 | |a VCD 538 |
| 245 | 0 | 0 | |a IRERS 2006 : |b Dinner : |b 11th April 2006 [ |h video disc] |
| 260 | |a Kuala Lumpur : |b Pusat Dagangan Dunia Putra (PWTC) , |c 2006 | ||
| 300 | |a 1 cakera video ( 55 min.) : |b col. snd. ; |c 4 3/4 in. | ||
| 710 | 1 | |a Institut Penilaian Negara | |
| 999 | |a VCD0000538 |b VIDEO CD |c Media Collection |e Default branch | ||